000 00808cam a2200193 4500
001 6169
005 20181127181101.0
010 _a 43019823
100 1 _aSterndale, Robert Armitage,
_d1839-1902.
245 1 0 _aSterndale's Mammalia of India.
250 _aA new and abridged ed.,
_bthoroughly revised and with an appendix on the Reptilia by Frank Finn.
260 _aCalcutta,
_aSimla :
_bThacker, Spink,
_c1929.
300 _avii, 347 p.
_bfront., illus., plates.
_c19 cm.
500 _a""Printed in Great Britain.""
500 _aFirst edition, 1884, published under title: Natural history of the Mammalia of India and Ceylon. cf. Royal Empire Soc., London. Library Subj. cat. v. 4, 1937, p. 416.
650 0 _aMammals
_zIndia.
700 1 _aFinn, Frank,
_d1868-1932.
999 _c5212
_d5212